Statistics for Territories by Capital

Click here to take the quiz!

General Stats

  • This quiz has been taken 39 times
  • The average score is 16 of 50

Answer Stats

CapitalTerritory% Correct
GibraltarGibraltar
77%
CayenneFrench Guiana
73%
San JuanPuerto Rico
68%
HamiltonBermuda
64%
AvaruaCook Islands
64%
AlofiNiue
64%
PristinaKosovo
59%
George TownCayman Islands
55%
NuukGreenland
55%
AdamstownPitcairn Islands
55%
DouglasIsle of Man
50%
OranjestadAruba
50%
Charlotte AmalieU.S. Virgin Islands
50%
HagatnaGuam
50%
MarigotSaint Martin
41%
Cockburn TownTurks and Caicos Islands
41%
Flying Fish CoveChristmas Island
41%
HangaroaEaster Island
36%
JamestownSaint Helena
36%
NoumeaNew Caledonia
36%
PapeeteFrench Polynesia
36%
St. HeilerJersey
32%
StanleyFalkland Islands
32%
GustaviaSaint Barthelemy
32%
Pago PagoAmerican Samoa
32%
PhilipsburgSint Maarten
32%
PlymouthMontserrat
32%
Episkopi CantonmentAkrotiri and Dhekelia
27%
GeorgetownAscension Island
27%
HargeisaSomaliland
23%
KingstonNorfolk Island
23%
Mata-UtuWallis and Futuna
23%
St. Peter PortGuernsey
18%
WillemstadCuraçao
18%
SaipanNorthern Mariana Islands
14%
El AaiunSahrawi Arab Democratic Republic
14%
Edinburgh of the Seven SeasTristan da Cuhna
14%
TorshavnFaroe Islands
14%
The ValleyAnguilla
14%
St. PierreSt. Pierre and Miquelon
9%
TiraspolTransnistria
9%
King Edward PointSouth Georgia and South Sandwich Islands
5%
East JerusalemState of Palestine
5%
SukhumiAbkhazia
5%
TskhinvaliSouth Ossetia
5%
NicosiaNorth Cyprus
5%
Road TownU.K. Virgin Islands
0%
StepanekertAntoni-Karabakh Republic
0%
Victoria CityHong Kong
0%
West IslandCocos Islands
0%

Score Distribution

Percentile by Number Answered

Percent of People with Each Score

Your Score History

You have not taken this quiz